[Event "Hannover Bezirk-ch A"]
[Site "Lehrte"]
[Date "2017.10.28"]
[Round "1.5"]
[White "Yerin, Daniel"]
[Black "Daehn, Patrick"]
[Result "0-1"]
[WhiteElo "1180"]
[BlackElo "1406"]
[PlyCount "80"]
[EventDate "2017.10.??"]
[EventType "swiss"]
[EventRounds "7"]
[EventCountry "GER"]
[SourceTitle "EXT 2022"]
[Source "ChessBase"]
[SourceDate "2021.10.06"]
[SourceVersion "1"]
[SourceVersionDate "2021.10.06"]
[SourceQuality "1"]

1. d4 d5 2. Bf4 Nc6 3. e3 Bf5 4. Bd3 Bg6 5. Bxg6 hxg6 6. Nf3 e6 7. 0-0 Bd6 8. Bxd6 Qxd6 9. Nbd2 Nf6 10. Re1 0-0-0 11. c4 Ne4 12. c5 Qd7 13. Nxe4 dxe4 14. Nd2 f5 15. Nb3 e5 16. dxe5 Nxe5 17. Qxd7+ Rxd7 18. Rad1 Nd3 19. Re2 Nxc5 20. Rxd7 Nxd7 21. Rc2 Ne5 22. Nd4 Rd8 23. h3 Rd6 24. Kf1 Kd7 25. Ke2 a6 26. b3 b6 27. b4 Nd3 28. a3 c5 29. bxc5 bxc5 30. Nb3 Kc6 31. a4 Kd5 32. f3 Rb6 33. Nd2 Rb4 34. a5 c4 35. h4 exf3+ 36. gxf3 f4 37. e4+ Kd4 38. e5 c3 39. Ne4 Rb2 40. Nxc3 Rxc2+ 0-1

[Event "Hannover-ch U16/18"]
[Site "Lehrte"]
[Date "2015.10.30"]
[Round "4"]
[White "Yerin, Daniel"]
[Black "Sejdi, Benjamin"]
[Result "1-0"]
[WhiteElo "1070"]
[BlackElo "838"]
[PlyCount "65"]
[EventDate "2015.10.29"]
[EventType "swiss"]
[EventRounds "7"]
[EventCountry "GER"]
[SourceTitle "EXT 2021"]
[Source "ChessBase"]
[SourceDate "2020.10.23"]
[SourceVersion "1"]
[SourceVersionDate "2020.10.23"]
[SourceQuality "1"]

1. d4 d5 2. Bf4 Bf5 3. Nf3 Nc6 4. c3 Nf6 5. e3 e6 6. Nbd2 Bd6 7. Bxd6 cxd6 8. Bb5 0-0 9. h3 e5 10. Bxc6 bxc6 11. dxe5 dxe5 12. Nxe5 c5 13. Nef3 Ne4 14. 0-0 Rb8 15. Qc1 Re8 16. b3 Rc8 17. Re1 c4 18. Nxe4 Bxe4 19. Nd4 Qg5 20. f3 Bxf3 21. Nxf3 Qg3 22. Qd2 Rcd8 23. Rad1 Re6 24. e4 Rg6 25. Qf2 Qxf2+ 26. Kxf2 h6 27. bxc4 Rb8 28. cxd5 Rb2+ 29. Re2 Rxe2+ 30. Kxe2 Rxg2+ 31. Ke3 Rxa2 32. d6 Ra3 33. Rd3 1-0

[Event "Hannover-ch U16"]
[Site "Lehrte"]
[Date "2013.10.18"]
[Round "3"]
[White "Yerin, Daniel"]
[Black "Maurer, Dominik"]
[Result "1/2-1/2"]
[WhiteElo "1039"]
[BlackElo "827"]
[PlyCount "94"]
[EventDate "2013.10.17"]
[EventType "swiss"]
[EventRounds "7"]
[EventCountry "GER"]
[SourceTitle "EXT 2021"]
[Source "ChessBase"]
[SourceDate "2020.10.23"]
[SourceVersion "1"]
[SourceVersionDate "2020.10.23"]
[SourceQuality "1"]

1. c4 e5 2. Nc3 Nc6 3. d3 Nf6 4. Nf3 Bb4 5. Bg5 0-0 6. g3 h6 7. Bc1 e4 8. dxe4 Nxe4 9. Bd2 Bxc3 10. Bxc3 d6 11. Bg2 Be6 12. Nd4 Nxc3 13. Nxe6 Nxd1 14. Nxd8 Raxd8 15. Rxd1 Ne5 16. b3 c6 17. 0-0 Rfe8 18. Rd2 Re6 19. Rfd1 f6 20. Bh3 f5 21. Bxf5 Rf6 22. f4 Nf7 23. Bg4 g5 24. e3 Kg7 25. Bh5 Nh8 26. Kg2 gxf4 27. exf4 Nf7 28. c5 d5 29. b4 Rf5 30. Be2 h5 31. h4 Nh6 32. Kh3 Re8 33. Bd3 Rf7 34. Re2 Rd8 35. Rde1 Rdd7 36. Re5 Ng4 37. R1e2 Nxe5 38. Rxe5 Kh6 39. Bf5 Rde7 40. Be6 Rf6 41. f5 d4 42. Kg2 b6 43. Kf3 Kg7 44. Ke4 bxc5 45. bxc5 d3 46. Kxd3 Rh6 47. Ke4 Kf6 1/2-1/2

[Event "Hannover-ch U14"]
[Site "Lehrte"]
[Date "2012.10.21"]
[Round "4"]
[White "Yerin, Daniel"]
[Black "Seidenstuecker, Hannah Charlotte"]
[Result "1-0"]
[WhiteElo "985"]
[BlackElo "744"]
[PlyCount "63"]
[EventDate "2012.10.23"]
[EventType "swiss"]
[EventRounds "7"]
[EventCountry "GER"]
[SourceTitle "EXT 2021"]
[Source "ChessBase"]
[SourceDate "2020.10.23"]
[SourceVersion "1"]
[SourceVersionDate "2020.10.23"]
[SourceQuality "1"]

1. c4 Nc6 2. Nc3 e5 3. e3 Bc5 4. Nf3 d6 5. d4 exd4 6. exd4 Nxd4 7. Nxd4 Bxd4 8. Qxd4 Nf6 9. Bg5 0-0 10. Nd5 c5 11. Bxf6 Qe8+ 12. Qe3 gxf6 13. Nxf6+ Kg7 14. Qxe8 Rxe8+ 15. Nxe8+ Kf8 16. Nxd6 Bd7 17. Nxb7 Re8+ 18. Be2 Bc8 19. Nd6 Rd8 20. Nxc8 Rxc8 21. 0-0 Re8 22. Rfe1 Kg7 23. a3 Rd8 24. b4 cxb4 25. axb4 Rc8 26. c5 a6 27. Rxa6 Rb8 28. Ra4 Rc8 29. h3 f6 30. Bf3 Kg6 31. c6 Kf5 32. b5 1-0

[Event "Hannover-ch U14"]
[Site "Lehrte"]
[Date "2011.10.18"]
[Round "7"]
[White "Yerin, Daniel"]
[Black "Asprion, Neal"]
[Result "0-1"]
[WhiteElo "973"]
[BlackElo "821"]
[PlyCount "112"]
[EventDate "2011.10.15"]
[EventType "swiss"]
[EventRounds "7"]
[EventCountry "GER"]
[SourceTitle "EXT 2021"]
[Source "ChessBase"]
[SourceDate "2020.10.23"]
[SourceVersion "1"]
[SourceVersionDate "2020.10.23"]
[SourceQuality "1"]

1. c4 e5 2. Nc3 Nf6 3. Nf3 Bc5 4. d3 Nc6 5. Bg5 h6 6. Bd2 Ng4 7. e3 0-0 8. Be2 Nf6 9. Nxe5 Nxe5 10. d4 Bxd4 11. exd4 Ng6 12. 0-0 d5 13. Re1 dxc4 14. Bxc4 Qxd4 15. b3 Ng4 16. Rf1 N6e5 17. Ne2 Qd6 18. Bf4 Qxd1 19. Raxd1 Bf5 20. f3 Nxc4 21. bxc4 Nf6 22. Bxc7 Rac8 23. Bd6 Rfd8 24. Rd4 Ne8 25. Rfd1 Nxd6 26. Rxd6 Rxd6 27. Rxd6 Rxc4 28. g4 Be6 29. Nd4 Rc1+ 30. Kg2 Bxa2 31. Rd8+ Kh7 32. Rd7 Rd1 33. Kg3 a5 34. Kf4 a4 35. Ke3 a3 36. Ke2 Be6 37. Rxb7 Rxd4 38. Ra7 a2 39. h3 Rb4 40. Kd2 Rb1 41. Kc2 a1Q 42. Rxa1 Rxa1 43. f4 Rh1 44. f5 Bc8 45. Kd2 Rxh3 46. Ke2 Rg3 47. Kf2 Rxg4 48. f6 gxf6 49. Kf1 h5 50. Kf2 f5 51. Kf1 Rg3 52. Kf2 f4 53. Kf1 h4 54. Kf2 Bb7 55. Kf1 Rg2 56. Ke1 h3 0-1